Statistiques concernant Questions d'Histoires

Cliquez ici pour prendre le quiz!

Statistiques générales

  • Ce quiz a été pris 67 fois
  • Le résultat moyen est 16 sur 46

Statistiques - réponses

HintRéponse% Correct
Attentats du 11 septembre2001
69%
Attentat contre Charlie Hebdo2015
65%
DDHC (Déclaration des droits de l'homme et du
citoyen) et Prise de la Bastille
1789
64%
Début de la 5e RF (République française)1958
64%
Couronnement de Charlemagne800
62%
Abolition de la peine de mort (Badinter)1981
58%
Bataille de Marignan1515
55%
1re élection de F. Mitterand1981
55%
Fin de la Reconquista / Découvert de l'Amérique1492
53%
Déclaration d'indépendance des USA1776
53%
Bataille de Waterloo1815
49%
Loi sur l'IVG (Veil)1975
49%
Mort de Louis XVI1793
45%
Début du 1er empire1804
45%
Traité de Maastricht (Monnaie unique)1992
45%
Napoléon élu président1848
40%
1re élection de J. Chirac1995
40%
Crise des subprimes2008 (Début en 2007,
fin en 2010)
38%
Cop 212015
38%
Bataille d'Austerlitz1805
36%
Fin du 2nd Empire (Bataille de Sedan)1870
36%
Fin de l'empire romain d'occident476
36%
Bataille d'Alésia-52
36%
Les cent jours1815
35%
Abolition de l'esclavage1848
35%
Monarchie de Juillet1830
33%
Début de la 1er RF (République française)1792
31%
Début du 2nd Empire1851 (coup d'état
en 51, instauration
empire en 52)
27%
Régicide de Ravaillac sur Henri IV1610
25%
Massacre de la Saint Barthélémy1572
24%
L'Hégire622
24%
Chute de Constantinople / Fin guerre 100 ans1453
22%
Fin de l'empire romain d'orient1453
22%
Pompéi ensevelie par les cendres79
22%
Débâcle de Russie1812
20%
Début et fin de la 3e RF (République française)1870-1940
18%
Protocole de Kyoto1997
18%
Fondation de Rome-753
16%
Début des temps modernes1492
15%
Dernière Croisade, Mort de Saint-Louis1270
13%
Jean d'Arc libère Orléans1429
13%
Auguste, 1er Empereur-27
13%
Suffrage universel direct1962
11%
Épopée d'Alexandre le Grand-330
7%
Siècle d'or d'Athènes (Périclès)Ve av J-C
4%
Fondation de Constantinople300
2%

Distribution des résultats

Percentile par nombre de réponses

% des personnes avec chaque résultat

Votre développement - résultats

Vous n’avez pas pris ce quiz